000 00884nam a2200289Ia 4500
005 20220316235320.0
008 121119s2001 ck gr 000 0 spa
020 _a9583001864
041 1 _aspa
100 1 _aKafka, Franz,
_d1883-1924
245 1 0 _aCarta al padre
_cFranz Kafka ; traducción de José Martín Cristancho
250 _aPrimera edición
264 1 _aBogotá
_bPanamericana
_c2001
300 _a100 páginas
336 _atexto
_btxt
_2rdacontent
337 _asin mediación
_bn
_2rdamedia
338 _avolumen
_bnc
_2rdacarrier
490 0 _aLiteratura universal
650 1 4 _2LEMB
_aCartas checas
650 1 4 _2LEMB
_aAutores checos
650 1 4 _2LEMB
_aAutoridad paterna
650 1 4 _2LEMB
_aExistencialismo
700 1 _aCristancho, José Martín
_etraductor
_9117621
942 _2loc
_cBKLIT
040 _aCO-BoRNBP
_bspa
_erda
_cCO-BoRNBP
084 _aN KAF1
999 _c579
_d579